Statistics for Countries With the Most Italian Speakers

Click here to take the quiz!

General Stats

  • This quiz has been taken 20,446 times
    (20,368 since last reset)
  • The average score is 9 of 12

Answer Stats

# Speakers % Country % Correct
58.2 mil98%Italy
100%
3.28 mil1.2%United States
94%
3.23 mil5.1%France
93%
1.28 mil15.5%Switzerland
90%
2.53 mil3.2%Germany
89%
1.13 mil2.4%Spain
88%
1.34 mil2.1%United Kingdom
85%
790 k9.4%Austria
78%
4.05 mil2.1%Brazil
67%
1.36 mil3.5%Argentina
61%
799 k28%Albania
38%
1.49 mil7.4%Romania
35%

Score Distribution

Percentile by Number Answered

Percent of People with Each Score

Your Score History

You have not taken this quiz since the last reset